[Event "Olympiad-44"]
[Site "Chennai"]
[Date "2022.08.08"]
[Round "10.1"]
[White "Ahmad, Md Siraj Munir"]
[Black "Klaas, Tokelo"]
[Result "1-0"]
[WhiteElo "2035"]
[BlackElo "1812"]
[PlyCount "91"]
[EventDate "2022.07.29"]
[EventType "team-swiss"]
[EventRounds "11"]
[EventCountry "IND"]
[SourceTitle "CBM 210"]
[Source "ChessBase"]
[SourceDate "2022.10.31"]
[SourceVersion "1"]
[SourceVersionDate "2022.10.31"]
[SourceQuality "1"]
[WhiteTeam "Brunei"]
[BlackTeam "Lesotho"]
[WhiteTeamCountry "BRN"]
[BlackTeamCountry "LES"]

1. e4 c5 2. Nf3 Nc6 3. Bb5 g6 4. Bxc6 dxc6 5. 0-0 Bg7 6. d3 Nf6 7. Nc3 0-0 8. Be3 b6 9. h3 Qc7 10. Qd2 e5 11. a4 a5 12. Nh2 Nh5 13. Ne2 Be6 14. g4 Nf6 15. f4 exf4 16. Bxf4 Qd7 17. Bh6 Ne8 18. Bxg7 Kxg7 19. Qc3+ Kg8 20. Nf3 Rd8 21. Rf2 Qe7 22. Raf1 f6 23. Ng5 Bf7 24. Nxf7 Rxf7 25. e5 Rd5 26. exf6 Qe5 27. Qxe5 Rxe5 28. Nc3 h6 29. h4 g5 30. hxg5 hxg5 31. Ne4 c4 32. Rf5 Rxf5 33. Rxf5 cxd3 34. cxd3 Kf8 35. Kf2 Rd7 36. Nxg5 Nxf6 37. Rxf6+ Kg7 38. Rxc6 Rxd3 39. Rxb6 Rd5 40. Rb5 Rd2+ 41. Ke3 Rg2 42. Kf4 Rf2+ 43. Nf3 Rc2 44. Kg5 Rf2 45. Ne5 Kf8 46. Nc6 1-0

[Event "Online Olym Div4 B"]
[Site "Chess.com INT"]
[Date "2021.08.21"]
[Round "7.1"]
[White "Erfan, Mohamad Firdaus"]
[Black "Klaas, Tokelo"]
[Result "1-0"]
[WhiteElo "1241"]
[BlackElo "1830"]
[PlyCount "39"]
[EventDate "2021.08.20"]
[EventType "team (rapid)"]
[EventRounds "11"]
[EventCountry "USA"]
[SourceTitle "CBM 203 Extra"]
[Source "ChessBase"]
[SourceDate "2021.09.30"]
[SourceVersion "1"]
[SourceVersionDate "2021.09.30"]
[SourceQuality "1"]
[WhiteTeam "Qatar"]
[BlackTeam "Lesotho"]
[WhiteTeamCountry "QAT"]
[BlackTeamCountry "LES"]

1. e4 c5 2. Nf3 e6 3. c3 Nc6 4. Bd3 Nf6 5. Bc2 d6 6. d4 cxd4 7. cxd4 Be7 8. Nc3 0-0 9. 0-0 b6 10. h3 Ba6 11. Re1 Rc8 12. Be3 Nb4 13. Bb1 Nc6 14. a3 Na5 15. Qc2 Bb7 16. Bg5 h6 17. Bxf6 Bxf6 18. e5 Bxf3 19. gxf3 Bg5 20. Qh7# 1-0

[Event "Online Olym Div4 B"]
[Site "Chess.com INT"]
[Date "2021.08.21"]
[Round "5.1"]
[White "Muwanguzi, David Wabwire"]
[Black "Klaas, Tokelo"]
[Result "1-0"]
[WhiteElo "2062"]
[BlackElo "1830"]
[PlyCount "103"]
[EventDate "2021.08.20"]
[EventType "team (rapid)"]
[EventRounds "11"]
[EventCountry "USA"]
[SourceTitle "CBM 203 Extra"]
[Source "ChessBase"]
[SourceDate "2021.09.30"]
[SourceVersion "1"]
[SourceVersionDate "2021.09.30"]
[SourceQuality "1"]
[WhiteTeam "Uganda"]
[BlackTeam "Lesotho"]
[WhiteTeamCountry "UGA"]
[BlackTeamCountry "LES"]

1. e4 c5 2. Nf3 e6 3. c3 Nc6 4. d4 cxd4 5. cxd4 Bb4+ 6. Bd2 Bxd2+ 7. Qxd2 d5 8. e5 Nge7 9. Bd3 Qb6 10. Nc3 Bd7 11. Ne2 Qb4 12. Rc1 Qxd2+ 13. Kxd2 0-0 14. a3 Rac8 15. Rc3 Na5 16. Rhc1 Rxc3 17. Rxc3 Rc8 18. Rxc8+ Nxc8 19. Kc3 Nb6 20. b3 a6 21. h4 Nc6 22. Nf4 Na7 23. a4 Nbc8 24. Nh5 Ne7 25. g4 Bc6 26. Ng5 Ng6 27. Bxg6 hxg6 28. Nf4 b5 29. a5 Be8 30. Nd3 Nc6 31. b4 Bd7 32. Nc5 Bc8 33. f4 Nd8 34. Nf3 Nc6 35. Nd3 f5 36. gxf5 gxf5 37. Ng5 Nd8 38. h5 Nf7 39. Nc5 Nxg5 40. fxg5 Kh7 41. Kd3 Kg8 42. Ke3 Kf7 43. Kf4 Kg8 44. g6 Kf8 45. Kg5 Kg8 46. Nd3 Kf8 47. Nf4 Kg8 48. h6 gxh6+ 49. Kxh6 Kh8 50. Nh5 Kg8 51. Nf6+ Kf8 52. g7+ 1-0

[Event "Online Olym Div4 C"]
[Site "Chess.com INT"]
[Date "2020.07.31"]
[Round "1.5"]
[White "Mwale, Joseph"]
[Black "Klaas, Tokelo"]
[Result "1-0"]
[WhiteElo "2159"]
[BlackElo "1857"]
[PlyCount "57"]
[EventDate "2020.07.31"]
[EventType "team-tourn (rapid)"]
[EventRounds "9"]
[EventCountry "USA"]
[SourceTitle "CBM 198"]
[Source "ChessBase"]
[SourceDate "2020.10.31"]
[SourceVersion "1"]
[SourceVersionDate "2020.10.31"]
[SourceQuality "1"]
[WhiteTeam "Malawi"]
[BlackTeam "Lesotho"]
[WhiteTeamCountry "MWI"]
[BlackTeamCountry "LES"]

1. Nf3 Nf6 2. g3 e6 3. Bg2 Be7 4. 0-0 0-0 5. d4 d5 6. c4 c6 7. Nc3 Nbd7 8. Re1 b6 9. Nd2 Bb7 10. e4 dxe4 11. Ndxe4 Nxe4 12. Nxe4 Nf6 13. Bf4 Rc8 14. Be5 Nxe4 15. Bxe4 f5 16. Bg2 Qd7 17. Qa4 a5 18. d5 exd5 19. cxd5 Bf6 20. Rad1 Bxe5 21. Rxe5 Qc7 22. d6 Qd8 23. Re7 Ba8 24. Qd4 Rf7 25. Qc4 Qf8 26. Qe6 Rd8 27. Bf1 Rxd6 28. Rxd6 Qxe7 29. Bc4 1-0

[Event "Online Olym Div4 C"]
[Site "Chess.com INT"]
[Date "2020.07.31"]
[Round "2.1"]
[White "Zebaze, Dongmo Loic Dylane"]
[Black "Klaas, Tokelo"]
[Result "0-1"]
[WhiteElo "1810"]
[BlackElo "1857"]
[PlyCount "76"]
[EventDate "2020.07.31"]
[EventType "team-tourn (rapid)"]
[EventRounds "9"]
[EventCountry "USA"]
[SourceTitle "CBM 198"]
[Source "ChessBase"]
[SourceDate "2020.10.31"]
[SourceVersion "1"]
[SourceVersionDate "2020.10.31"]
[SourceQuality "1"]
[WhiteTeam "Cameroon"]
[BlackTeam "Lesotho"]
[WhiteTeamCountry "CAM"]
[BlackTeamCountry "LES"]

1. d4 Nf6 2. Bf4 e6 3. e3 b6 4. Nf3 Bb7 5. c3 Be7 6. Nbd2 0-0 7. Bd3 d5 8. Ne5 c5 9. h4 Nbd7 10. Ndf3 Rc8 11. a3 Nxe5 12. dxe5 Ne4 13. Bxe4 dxe4 14. Ng5 Qxd1+ 15. Rxd1 Rcd8 16. h5 h6 17. Nh3 Ba6 18. f3 exf3 19. gxf3 Bh4+ 20. Nf2 Rxd1+ 21. Kxd1 Bxf2 22. Rh2 Rd8+ 23. Kc2 Be1 24. Rh1 Rd2+ 25. Kc1 Re2 26. Kd1 Bf2 27. Rh2 Bxe3 28. Rxe2 Bxe2+ 29. Kxe2 Bxf4 30. Kd3 Bxe5 31. Kc4 a6 32. a4 Bd6 33. b4 cxb4 34. cxb4 Kf8 35. b5 a5 36. Kd4 Ke7 37. Ke4 g6 38. hxg6 fxg6 0-1

[Event "Olympiad-43"]
[Site "Batumi"]
[Date "2018.10.04"]
[Round "10.1"]
[White "Klaas, Tokelo"]
[Black "Kirby, Peter J"]
[Result "1/2-1/2"]
[WhiteElo "1827"]
[BlackElo "1988"]
[PlyCount "59"]
[EventDate "2018.09.24"]
[EventType "team-swiss"]
[EventRounds "11"]
[EventCountry "GEO"]
[SourceTitle "CBM 187"]
[Source "ChessBase"]
[SourceDate "2018.12.11"]
[SourceVersion "1"]
[SourceVersionDate "2018.12.11"]
[SourceQuality "1"]
[WhiteTeam "Lesotho"]
[BlackTeam "Guernsey"]
[WhiteTeamCountry "LES"]
[BlackTeamCountry "GCI"]

1. d4 Nf6 2. Nf3 g6 3. c4 Bg7 4. g3 0-0 5. Bg2 d6 6. 0-0 Nc6 7. Nc3 a6 8. b3 Rb8 9. Bb2 Bd7 10. h3 b5 11. d5 Na5 12. cxb5 axb5 13. Nd4 Qc8 14. Kh2 b4 15. Nb1 c5 16. dxc6 Nxc6 17. e3 Nxd4 18. Bxd4 Bc6 19. Nd2 Bxg2 20. Kxg2 Qb7+ 21. Qf3 Qxf3+ 22. Kxf3 e5 23. Bb2 Nd7 24. Ke2 d5 25. Rfc1 Rfc8 26. Rxc8+ Rxc8 27. Rc1 Ra8 28. Ra1 Rc8 29. Rc1 Ra8 30. Ra1 1/2-1/2

[Event "Olympiad-43"]
[Site "Batumi"]
[Date "2018.10.02"]
[Round "8.1"]
[White "Klaas, Tokelo"]
[Black "Saraci, Nderim"]
[Result "0-1"]
[WhiteElo "1827"]
[BlackElo "2408"]
[PlyCount "140"]
[EventDate "2018.09.24"]
[EventType "team-swiss"]
[EventRounds "11"]
[EventCountry "GEO"]
[SourceTitle "CBM 187"]
[Source "ChessBase"]
[SourceDate "2018.12.11"]
[SourceVersion "1"]
[SourceVersionDate "2018.12.11"]
[SourceQuality "1"]
[WhiteTeam "Lesotho"]
[BlackTeam "Kosovo"]
[WhiteTeamCountry "LES"]
[BlackTeamCountry "KOS"]

1. d4 Nf6 2. Nf3 g6 3. g3 Bg7 4. Bg2 0-0 5. 0-0 d6 6. c4 c6 7. Nc3 Nbd7 8. Qc2 Re8 9. Bg5 h6 10. Bxf6 Bxf6 11. Rad1 Bg7 12. Rfe1 c5 13. b3 Rb8 14. h3 b6 15. d5 a6 16. a4 b5 17. cxb5 Qa5 18. Rc1 axb5 19. Nxb5 Ba6 20. Qd2 Qxd2 21. Nxd2 Bxb5 22. axb5 Rxb5 23. Bf1 Ra8 24. e3 Rb4 25. Rc2 Nb6 26. Bg2 Ra3 27. Rb1 Kf8 28. Kf1 Ke8 29. Ke2 Kd7 30. Bf3 Bf6 31. Bg2 e6 32. dxe6+ fxe6 33. Be4 Nd5 34. Bxd5 exd5 35. h4 Ke6 36. Kf3 Rb8 37. Ke2 Bd8 38. Rbb2 Ba5 39. Ra2 Rxa2 40. Rxa2 Bxd2 41. Kxd2 Rxb3 42. Kc2 c4 43. Ra8 d4 44. exd4 Rf3 45. Rg8 Rxf2+ 46. Kc3 Kd5 47. Rxg6 Rf3+ 48. Kc2 h5 49. Kb2 Re3 50. g4 hxg4 51. Rxg4 Rd3 52. Rg2 Rb3+ 53. Kc2 Ra3 54. Kb2 Rh3 55. Rg4 Rh2+ 56. Kc3 Rh3+ 57. Kc2 Kc6 58. Rf4 Kb5 59. Rf6 Kb4 60. Rxd6 Rh2+ 61. Kb1 Kc3 62. Rg6 Kd2 63. Ra6 Rh1+ 64. Kb2 c3+ 65. Kb3 Kd3 66. Rc6 Rb1+ 67. Ka2 c2 68. d5 c1Q 69. Rxc1 Rxc1 70. d6 Rc6 0-1

[Event "Olympiad-43"]
[Site "Batumi"]
[Date "2018.09.30"]
[Round "6.82"]
[White "Klaas, Tokelo"]
[Black "Hlophe, Smilo"]
[Result "1-0"]
[WhiteElo "1827"]
[BlackElo "1608"]
[PlyCount "89"]
[EventDate "2018.09.24"]
[EventType "team-swiss"]
[EventRounds "11"]
[EventCountry "GEO"]
[SourceTitle "CBM 187"]
[Source "ChessBase"]
[SourceDate "2018.12.11"]
[SourceVersion "1"]
[SourceVersionDate "2018.12.11"]
[SourceQuality "1"]
[WhiteTeam "Lesotho"]
[BlackTeam "Swaziland"]
[WhiteTeamCountry "LES"]
[BlackTeamCountry "SWA"]

1. Nf3 d5 2. g3 Nf6 3. Bg2 e6 4. 0-0 Bd6 5. d4 0-0 6. c4 c6 7. Nc3 Re8 8. Bg5 h6 9. Bxf6 Qxf6 10. e4 dxe4 11. Nxe4 Qd8 12. Qc2 Bf8 13. Rad1 Qa5 14. a3 Na6 15. Ne5 Qc7 16. b4 c5 17. f4 cxb4 18. a4 Nb8 19. c5 f5 20. Nd2 Nd7 21. Ndc4 Nxe5 22. fxe5 a5 23. Qb3 Bd7 24. Nd6 Bxd6 25. exd6 Qc8 26. Rde1 Kh8 27. Re5 Rb8 28. Rfe1 Qd8 29. Bf1 Qg5 30. Bc4 Qd2 31. Rd1 Qc3 32. Qxc3 bxc3 33. Bb5 Rbd8 34. Bxd7 Rxd7 35. d5 Kh7 36. dxe6 Rdd8 37. e7 Rd7 38. Rc1 Kg6 39. Rxc3 Kf6 40. Rce3 g6 41. Re6+ Kf7 42. Kf2 Kg7 43. Ke2 h5 44. h4 Kh6 45. Kd3 1-0

[Event "Olympiad-43"]
[Site "Batumi"]
[Date "2018.09.27"]
[Round "4.77"]
[White "Pg, Mohd Omar Ak Hira"]
[Black "Klaas, Tokelo"]
[Result "1-0"]
[WhiteElo "2175"]
[BlackElo "1827"]
[PlyCount "107"]
[EventDate "2018.09.24"]
[EventType "team-swiss"]
[EventRounds "11"]
[EventCountry "GEO"]
[SourceTitle "CBM 187"]
[Source "ChessBase"]
[SourceDate "2018.12.11"]
[SourceVersion "1"]
[SourceVersionDate "2018.12.11"]
[SourceQuality "1"]
[WhiteTeam "Brunei"]
[BlackTeam "Lesotho"]
[WhiteTeamCountry "BRN"]
[BlackTeamCountry "LES"]

1. e4 c5 2. Nf3 e6 3. g3 Nc6 4. Bg2 d6 5. 0-0 Nf6 6. d3 Be7 7. Re1 0-0 8. Nbd2 Bd7 9. Nf1 Qc7 10. Bf4 Ne5 11. Nxe5 dxe5 12. Bg5 h6 13. Bd2 Bc6 14. Ne3 b5 15. Qe2 Rfd8 16. Rad1 Rd7 17. Rf1 Bd6 18. h4 Kh7 19. Bh3 Rad8 20. Qe1 Rf8 21. f3 Nh5 22. Kh2 Bb7 23. Qe2 a6 24. Rg1 Qd8 25. Ng2 Nf6 26. f4 Kh8 27. g4 c4 28. g5 cxd3 29. cxd3 Ng8 30. f5 Bc5 31. Be3 Bxe3 32. Nxe3 Rd6 33. fxe6 fxe6 34. Ng4 Qb6 35. Rdf1 Rxf1 36. Bxf1 Qd4 37. gxh6 Rd7 38. hxg7+ Rxg7 39. Rg2 Rh7 40. Kh3 Qd8 41. Qf2 Qg5 42. Qg3 Qf4 43. Nxe5 Qxg3+ 44. Rxg3 Ne7 45. Be2 Rg7 46. Bg4 Ng6 47. Nxg6+ Rxg6 48. h5 Rh6 49. Kh4 e5 50. Bd1 Bc8 51. Bb3 Rc6 52. Rg5 Rc5 53. d4 Rc1 54. Rxe5 1-0

[Event "Olympiad-43"]
[Site "Batumi"]
[Date "2018.09.24"]
[Round "1.72"]
[White "Amonatov, Farrukh"]
[Black "Klaas, Tokelo"]
[Result "1-0"]
[WhiteElo "2615"]
[BlackElo "1827"]
[PlyCount "53"]
[EventDate "2018.09.24"]
[EventType "team-swiss"]
[EventRounds "11"]
[EventCountry "GEO"]
[SourceTitle "CBM 187"]
[Source "ChessBase"]
[SourceDate "2018.12.11"]
[SourceVersion "1"]
[SourceVersionDate "2018.12.11"]
[SourceQuality "1"]
[WhiteTeam "Tajikistan"]
[BlackTeam "Lesotho"]
[WhiteTeamCountry "TJK"]
[BlackTeamCountry "LES"]

1. e4 c5 2. Nf3 d6 3. d4 cxd4 4. Nxd4 Nf6 5. Nc3 a6 6. h3 g6 7. g4 h6 8. Be3 Bg7 9. Qd2 b5 10. Bg2 Bb7 11. f4 Qc7 12. 0-0-0 Nbd7 13. Rhe1 0-0 14. f5 g5 15. h4 Nxg4 16. hxg5 Nxe3 17. Qxe3 Be5 18. Rh1 d5 19. Nce2 dxe4 20. Rxh6 Bg7 21. Rh4 Qe5 22. Rdh1 Rfc8 23. Qh3 Rc4 24. Kb1 Rxd4 25. Nxd4 Qxd4 26. f6 Bxf6 27. gxf6 1-0

[Event "Olympiad-42"]
[Site "Baku"]
[Date "2016.09.12"]
[Round "10.1"]
[White "Klaas, Tokelo"]
[Black "Santos da Costa, Jose Manuel"]
[Result "1-0"]
[WhiteElo "1663"]
[BlackElo "1960"]
[PlyCount "106"]
[EventDate "2016.09.02"]
[EventType "team-swiss"]
[EventRounds "11"]
[EventCountry "AZE"]
[SourceTitle "CBM 175"]
[Source "ChessBase"]
[SourceDate "2016.11.10"]
[SourceVersion "1"]
[SourceVersionDate "2016.11.10"]
[SourceQuality "1"]
[WhiteTeam "Lesotho"]
[BlackTeam "Sao Tome and Principe"]
[WhiteTeamCountry "LES"]
[BlackTeamCountry "SAO"]

1. d4 d5 2. c4 e6 3. Nc3 Nf6 4. Nf3 c6 5. e3 Nbd7 6. Bd3 Bd6 7. 0-0 0-0 8. Re1 dxc4 9. Bxc4 e5 10. e4 exd4 11. Nxd4 Ne5 12. Be2 Neg4 13. h3 Bc5 14. Bxg4 Nxg4 15. hxg4 Qxd4 16. Qf3 Bxg4 17. Qe3 Qb4 18. a3 Qc4 19. Qf4 Be6 20. Be3 Rad8 21. Bxc5 Qxc5 22. Rad1 Bb3 23. Rd2 Qa5 24. Ree2 f6 25. Rxd8 Qxd8 26. Rd2 Qe7 27. Qd6 Qxd6 28. Rxd6 g6 29. f3 Kg7 30. Kf2 Rf7 31. Rd8 Rc7 32. Ke3 a6 33. Ne2 c5 34. Nc3 g5 35. a4 Kf7 36. a5 Ke7 37. Rh8 Ke6 38. Re8+ Re7 39. Rf8 Ke5 40. g3 Ke6 41. Rd8 Rd7 42. Re8+ Kd6 43. Rf8 Rf7 44. Rd8+ Kc7 45. Rh8 b5 46. axb6+ Kxb6 47. Rb8+ Kc7 48. Rxb3 Kc6 49. Nd5 c4 50. Rb6+ Kc5 51. Rb8 f5 52. Rc8+ Kb5 53. e5 Rd7 1-0

[Event "Olympiad-42"]
[Site "Baku"]
[Date "2016.09.05"]
[Round "4.1"]
[White "Klaas, Tokelo"]
[Black "Yee, Soon Wei"]
[Result "0-1"]
[WhiteElo "1663"]
[BlackElo "2293"]
[PlyCount "104"]
[EventDate "2016.09.02"]
[EventType "team-swiss"]
[EventRounds "11"]
[EventCountry "AZE"]
[SourceTitle "CBM 175"]
[Source "ChessBase"]
[SourceDate "2016.11.10"]
[SourceVersion "1"]
[SourceVersionDate "2016.11.10"]
[SourceQuality "1"]
[WhiteTeam "Lesotho"]
[BlackTeam "Brunei"]
[WhiteTeamCountry "LES"]
[BlackTeamCountry "BRN"]

1. Nf3 Nf6 2. c4 g6 3. Nc3 c5 4. g3 Bg7 5. Bg2 Nc6 6. 0-0 0-0 7. e4 d6 8. h3 Ne8 9. d3 Nc7 10. Be3 Ne6 11. Qd2 Ned4 12. Kh2 Nxf3+ 13. Bxf3 Nd4 14. Bg2 Rb8 15. Rae1 Bd7 16. Bh6 b5 17. Bxg7 Kxg7 18. Ne2 bxc4 19. dxc4 e5 20. f4 Qb6 21. b3 Qb4 22. Qc1 a5 23. Nc3 Bc6 24. fxe5 dxe5 25. Ne2 a4 26. Nxd4 cxd4 27. Rf3 Qb7 28. g4 f6 29. Rg3 h6 30. Qc2 Rf7 31. Rb1 Qe7 32. Qb2 Qc5 33. Qc2 Rfb7 34. Rf1 axb3 35. axb3 Ra7 36. Qf2 Qe7 37. Qc2 Rba8 38. Rb1 Qb4 39. Rb2 Ra1 40. Rf3 Qe1 41. Rf1 Qe3 42. Rf2 d3 43. Qd2 Qd4 44. Qb4 R1a7 45. Ra2 Bxe4 46. Rxa7+ Rxa7 47. Ra2 Rb7 48. Qd2 Bxg2 49. Qxg2 e4 50. Qb2 Qxb2+ 51. Rxb2 e3 52. Kg2 d2 0-1

[Event "Olympiad-41"]
[Site "Tromsoe"]
[Date "2014.08.14"]
[Round "11.1"]
[White "Klaas, Tokelo"]
[Black "Asefi, Zaheeruddeen"]
[Result "0-1"]
[WhiteElo "1653"]
[BlackElo "1996"]
[PlyCount "58"]
[EventDate "2014.08.02"]
[EventType "team-swiss"]
[EventRounds "11"]
[EventCountry "NOR"]
[SourceTitle "CBM 162"]
[Source "ChessBase"]
[SourceDate "2014.09.17"]
[SourceVersion "1"]
[SourceVersionDate "2014.09.17"]
[SourceQuality "1"]
[WhiteTeam "Lesotho"]
[BlackTeam "Afghanistan"]
[WhiteTeamCountry "LES"]
[BlackTeamCountry "AFG"]

1. d4 Nf6 2. c4 e6 3. Nf3 d5 4. e3 c5 5. cxd5 exd5 6. Be2 Nc6 7. 0-0 Bf5 8. a3 Rc8 9. dxc5 Bxc5 10. b4 Bd6 11. Bb2 0-0 12. Nc3 Re8 13. Rc1 Bb8 14. Nb5 Ne4 15. Nbd4 Bg6 16. Qa4 Qd6 17. Rfd1 Ng5 18. g3 Ne4 19. Bb5 Bh5 20. Be2 Bg4 21. Qb3 Qh6 22. Nxc6 bxc6 23. Bd4 Qh5 24. Kg2 Qh3+ 25. Kg1 Re6 26. Qb2 Rg6 27. a4 Qh5 28. Kg2 Bh3+ 29. Kg1 Qf5 0-1

[Event "Olympiad-41"]
[Site "Tromsoe"]
[Date "2014.08.08"]
[Round "6.1"]
[White "Klaas, Tokelo"]
[Black "Lettsome, Maurice"]
[Result "1/2-1/2"]
[WhiteElo "1653"]
[BlackElo "1783"]
[PlyCount "92"]
[EventDate "2014.08.02"]
[EventType "team-swiss"]
[EventRounds "11"]
[EventCountry "NOR"]
[SourceTitle "CBM 162"]
[Source "ChessBase"]
[SourceDate "2014.09.17"]
[SourceVersion "1"]
[SourceVersionDate "2014.09.17"]
[SourceQuality "1"]
[WhiteTeam "Lesotho"]
[BlackTeam "British Virgin Islands"]
[WhiteTeamCountry "LES"]
[BlackTeamCountry "IVB"]

1. d4 Nf6 2. c4 d6 3. Nc3 g6 4. e4 Nbd7 5. Nf3 Bg7 6. Be2 0-0 7. 0-0 e5 8. d5 Nc5 9. Qc2 a5 10. h3 Bd7 11. Be3 Na6 12. a3 c5 13. Nb5 Bxb5 14. cxb5 Nc7 15. a4 b6 16. Nd2 Qe7 17. Nc4 Rab8 18. Rad1 Rfd8 19. Bf3 h6 20. Qc3 Nh7 21. Be2 Qh4 22. f3 Ne8 23. Bf2 Qe7 24. Qe3 Qg5 25. Qxg5 Nxg5 26. h4 Nh7 27. g3 Nhf6 28. Rfe1 Kh7 29. Bf1 Nh5 30. Bh3 Bf8 31. Be3 Nxg3 32. Kh2 Nh5 33. Rg1 Be7 34. Rg4 f5 35. exf5 gxf5 36. Rg2 Neg7 37. Bf2 Nf4 38. Rgg1 Nxh3 39. Kxh3 Nh5 40. Be3 f4 41. Bf2 Rf8 42. Rg2 Rf6 43. Rdg1 Rff8 44. Nd2 Rb7 45. Ne4 Rd7 46. Rg4 Bd8 1/2-1/2

[Event "Olympiad-41"]
[Site "Tromsoe"]
[Date "2014.08.04"]
[Round "3.1"]
[White "Klaas, Tokelo"]
[Black "Chipanga, Chiletso"]
[Result "1-0"]
[WhiteElo "1653"]
[BlackElo "2060"]
[PlyCount "143"]
[EventDate "2014.08.02"]
[EventType "team-swiss"]
[EventRounds "11"]
[EventCountry "NOR"]
[SourceTitle "CBM 162"]
[Source "ChessBase"]
[SourceDate "2014.09.17"]
[SourceVersion "1"]
[SourceVersionDate "2014.09.17"]
[SourceQuality "1"]
[WhiteTeam "Lesotho"]
[BlackTeam "Malawi"]
[WhiteTeamCountry "LES"]
[BlackTeamCountry "MWI"]

1. d4 d5 2. Nf3 c5 3. c3 e6 4. Bf4 Nc6 5. e3 cxd4 6. cxd4 Qb6 7. Qd2 Nf6 8. Nc3 Ne4 9. Qc1 Bd7 10. Be2 Rc8 11. 0-0 Bb4 12. Nd2 0-0 13. Ndxe4 dxe4 14. Qb1 f5 15. a3 Be7 16. h3 Na5 17. Qa2 Nb3 18. Rad1 a5 19. a4 Qb4 20. Be5 Bc6 21. Rfe1 Bd5 22. Qb1 Bd6 23. Bxd6 Qxd6 24. g3 Rf6 25. Bf1 Rg6 26. Kh2 Rh6 27. Kg1 Rg6 28. Kh2 h5 29. h4 Rg4 30. Kh3 Rg6 31. Be2 Rh6 32. Rh1 Kf7 33. Qc2 Rhh8 34. Kg2 g6 35. Kg1 Qb4 36. Qb1 Rc6 37. Bb5 Rc7 38. Kg2 Rhc8 39. Rhe1 f4 40. gxf4 Rxc3 41. bxc3 Qxc3 42. Re2 Kg7 43. Qb2 Qc7 44. Qa3 Qd8 45. Rh1 Rc3 46. Qb2 Qc8 47. Kh2 Nc1 48. Rd2 Nd3 49. Qb1 e5 50. Bxd3 exd3 51. Rg1 Rc2 52. Rxc2 Qxc2 53. Qxc2 dxc2 54. fxe5 Bb3 55. Kg3 Bxa4 56. f4 Bc6 57. Kf2 b5 58. Ke2 Be4 59. Kd2 a4 60. Kc3 Kf7 61. Kb4 Bd3 62. d5 Be2 63. Rc1 Bd3 64. Kc5 a3 65. Kb4 a2 66. Kc3 Be4 67. d6 Ke6 68. Kb2 b4 69. Kxa2 Bd5+ 70. Kb2 b3 71. Rg1 Kd7 72. Rxg6 1-0